00585nam a2200181 i 450000100060000000300090000600500170001500700030003200800410003510000280007624500330010425000150013726000580015230000220021085200320023299900170026495201220028187594ES-MaACL20230906175712.0t|041222s1968 pr ||||1| spa d1 aKrishnamurti, J.96885910aDiálogos con Krishnamurti. a[1ª ed.]. aRío Piedras (Puerto Rico) : bKrishnamurti, c1968. a282 p. ; c17 cm. aES-MaACLjC-36659 bR.66930 c87594d87594 00104070aATENEOMbATENEOMcDEPO2d2008-01-17eSCl0oC-36659p1091511r2023-02-23 00:00:00w2023-02-23yMONOGRAFIA